Tìm hiểu về văn hóa dân gian làng Phú Đa

Sách giới thiệu về những nhân tố chính trong kho tàng văn hóa dân gian của làng Phú Đa, xã Quỷnh Bảng, làng Quỳnh Lưu tỉnh Nghệ An.

সংরক্ষণ করুন:
গ্রন্থ-পঞ্জীর বিবরন
প্রধান লেখক: Trần, Hữu Đức
বিন্যাস: গ্রন্থ
ভাষা:Undetermined
প্রকাশিত: Hà Nội Khoa học - Xã hội 2015
বিষয়গুলি:
ট্যাগগুলো: ট্যাগ যুক্ত করুন
কোনো ট্যাগ নেই, প্রথমজন হিসাবে ট্যাগ করুন!
Thư viện lưu trữ: Trung tâm Học liệu Trường Đại học Cần Thơ
LEADER 00824nam a2200205Ia 4500
001 CTU_209772
008 210402s9999 xx 000 0 und d
082 |a 398.09597 
082 |b Đ552 
100 |a Trần, Hữu Đức 
245 0 |a Tìm hiểu về văn hóa dân gian làng Phú Đa 
245 0 |c Trần Hữu Đức 
260 |a Hà Nội 
260 |b Khoa học - Xã hội 
260 |c 2015 
520 |a Sách giới thiệu về những nhân tố chính trong kho tàng văn hóa dân gian của làng Phú Đa, xã Quỷnh Bảng, làng Quỳnh Lưu tỉnh Nghệ An. 
650 |a Folklore,Văn hóa dân gian 
650 |z Vietnam,Việt Nam 
904 |i Châu Thiên Phúc,Hải 
980 |a Trung tâm Học liệu Trường Đại học Cần Thơ